Vývoj modelov daňovej konkurencie

Prehľad literatúry zaoberajúcej sa daňovou konkurenciou. Porovnanie najvýznamnejších modelov daňovej konkurencie. Prehľad vybraných modelov daňovej konkurencie s ich popisom. Tieboutov model. Zodrowského a Miezskowskeho model. Oatesa a Schwaba model. Samuelsona a Bonda model. Bucovetského model....

Descripción completa

Guardado en:
Detalles Bibliográficos
Autor principal: Zoričak, Martin
Formato: Capítulo de libro
Lenguaje:eslovaco
Materias:
Etiquetas: Agregar Etiqueta
Sin Etiquetas, Sea el primero en etiquetar este registro!

MARC

LEADER 00000nla a2200000 4500
001 0246105
005 20240417075141.4
041 0 |a slo 
044 |a SK 
245 1 0 |a Vývoj modelov daňovej konkurencie  |c Martin Zoričak 
520 |a Prehľad literatúry zaoberajúcej sa daňovou konkurenciou. Porovnanie najvýznamnejších modelov daňovej konkurencie. Prehľad vybraných modelov daňovej konkurencie s ich popisom. Tieboutov model. Zodrowského a Miezskowskeho model. Oatesa a Schwaba model. Samuelsona a Bonda model. Bucovetského model. Wilsonov model. Ekonómia zložitosti a daňová konkurencia. 
610 2 0 |a konkurencia 
610 2 0 |a sústava daňová 
610 2 0 |a modely ekonomicko-matematické 
610 2 0 |a financie verejné 
610 2 0 |a dane 
100 1 |a Zoričak, Martin